La congestión del tránsito urbano : (Record no. 1900)

MARC details
000 -LEADER
campo de control de longitud fija 01565cam a2200349 4500
001 - NÚMERO DE CONTROL
campo de control 11684
005 - FECHA Y HORA DE LA ÚLTIMA TRANSACCIÓN
campo de control 20230404125641.0
008 - DATOS DE LONGITUD FIJA--INFORMACIÓN GENERAL
campo de control de longitud fija 060907s2001 cl spa
020 ## - NÚMERO INTERNACIONAL ESTÁNDAR DEL LIBRO
Número Internacional Estándar del Libro 9213218656
035 ## - NÚMERO DE CONTROL DEL SISTEMA
-- funglode11774
086 ## - NÚMERO DE CLASIFICACIÓN PARA DOCUMENTOS GUBERNAMENTALES
Número de clasificación LC/L.1560-P
041 ## - CÓDIGO DE IDIOMA
Código de lengua del texto/banda sonora o título independiente spa
050 14 - SIGNATURA TOPOGRÁFICA DE LA BIBLIOTECA DEL CONGRESO
Número de clasificación CD F
100 1# - ENTRADA PRINCIPAL--NOMBRE DE PERSONA
Nombre de persona Thomson, Ian,
Fechas asociadas al nombre 1945-
245 13 - MENCIÓN DEL TÍTULO
Título La congestión del tránsito urbano :
Resto del título causas y consecuencias económicas y sociales /
Mención de responsabilidad, etc. Ian Thomson, Alberto Bull; Comisión Económica para América Latina y el Caribe.
260 ## - PUBLICACIÓN, DISTRIBUCIÓN, ETC.
Lugar de publicación, distribución, etc. Santiago de Chile :
Nombre del editor, distribuidor, etc. Naciones Unidas, Comisión Económica para America Latina y el Caribe - CEPAL, División de Recursos Naturales e Infraestructura, Unidad de Transporte,
Fecha de publicación, distribución, etc. 2001
300 ## - DESCRIPCIÓN FÍSICA
Extensión 33 p. ;
Dimensiones 28 cm.
440 #0 - MENCIÓN DE SERIE/PUNTO DE ACCESO ADICIONAL--TÍTULO
Título Serie recursos naturales e infraestructura ;
Designación de volumen o secuencia 25
500 ## - NOTA GENERAL
Nota general Número de ventas (UN): S.01.II.G.105
650 #0 - PUNTO DE ACCESO ADICIONAL DE MATERIA--TÉRMINO DE MATERIA
Término de materia o nombre geográfico como elemento de entrada Traffic congestion
Subdivisión geográfica Latin America.
650 #0 - PUNTO DE ACCESO ADICIONAL DE MATERIA--TÉRMINO DE MATERIA
Término de materia o nombre geográfico como elemento de entrada Traffic congestion
Subdivisión general Economic aspects
Subdivisión geográfica Latin America.
650 #0 - PUNTO DE ACCESO ADICIONAL DE MATERIA--TÉRMINO DE MATERIA
Término de materia o nombre geográfico como elemento de entrada Traffic congestion
Subdivisión general Social aspects
Subdivisión geográfica Latin America.
650 #0 - PUNTO DE ACCESO ADICIONAL DE MATERIA--TÉRMINO DE MATERIA
Término de materia o nombre geográfico como elemento de entrada Traffic flow
Subdivisión geográfica Latin America.
650 #0 - PUNTO DE ACCESO ADICIONAL DE MATERIA--TÉRMINO DE MATERIA
Término de materia o nombre geográfico como elemento de entrada City traffic
Subdivisión geográfica Latin America.
650 #4 - PUNTO DE ACCESO ADICIONAL DE MATERIA--TÉRMINO DE MATERIA
Término de materia o nombre geográfico como elemento de entrada Transporte urbano
Subdivisión geográfica América Latina
650 #4 - PUNTO DE ACCESO ADICIONAL DE MATERIA--TÉRMINO DE MATERIA
Término de materia o nombre geográfico como elemento de entrada Transporte y comunicaciones de Iberoamerica
650 #4 - PUNTO DE ACCESO ADICIONAL DE MATERIA--TÉRMINO DE MATERIA
Término de materia o nombre geográfico como elemento de entrada CEPAL
700 1# - ENTRADA AGREGADA--NOMBRE PERSONAL
Nombre de persona Bull, Alberto
710 2# - ENTRADA AGREGADA--NOMBRE DE ENTIDAD CORPORATIVA
Nombre de entidad corporativa o nombre de jurisdicción como elemento de entrada United Nations.
Unidad subordinada Economic Commission for Latin America and the Caribbean.
-- Transport and Communications Division.
710 2# - ENTRADA AGREGADA--NOMBRE DE ENTIDAD CORPORATIVA
Nombre de entidad corporativa o nombre de jurisdicción como elemento de entrada Comisión Económica para America Latina y el Caribe.
Unidad subordinada División de Recursos Naturales e Infraestructura.
942 ## - ELEMENTOS DE ENTRADA SECUNDARIOS (KOHA)
Fuente del sistema de clasificación o colocación Clasificación de Library of Congress
Tipo de ítem Koha
Holdings
Estatus retirado Estado de pérdida Fuente del sistema de clasificación o colocación Estado de daño No para préstamo Colección Biblioteca de origen Biblioteca actual Ubicación en estantería Fecha de adquisición Serial enumeration / chronology Total checkouts Signatura topográfica completa Código de barras Visto por última vez Copia número Precio de reemplazo Tipo de ítem Koha
    Clasificación de Library of Congress     Referencia Biblioteca Juan Bosch Biblioteca Juan Bosch Colección Documental (Referencia, 1er. Piso) 23/10/2018 3   CD F 00000010349 23/10/2018 1 23/10/2018